00585nam a22001697a 450000500170000001000150001702000260003203500130005803700130007108200080008410000210009224501090011326000550022227000790027730000390035670000200039520130816112645.0 aENG-107860 a9789380831503c198.00 aEN-91393 bDBAD/PUB a581 aSwarupa Rani,S.  aA practical manual for B.Sc III year - botany :cby S. Swarupa Rani [and] Sangita Mathurbpaper III-IV / aHyderabadbStudentshelpline Publishing Housec2012 a326/C, Surneni Nilayam, near B K Guda Park, S.R. Nagar,bHyderabade500038 avarious pagings :c23cm(pbk)bill. aMathur, Sangita